书目信息 |
| 题名: |
绿色饲料添加剂
|
|
| 作者: | 周明 , 张新 , 解正会 编著 | |
| 分册: | ||
| 出版信息: | 北京 化学工业出版社 2015 |
|
| 页数: | 303页 | |
| 开本: | 24cm | |
| 丛书名: | ||
| 单 册: | ||
| 中图分类: | S816.7 | |
| 科图分类: | ||
| 主题词: | 饮料添加剂--Yin Liao Tian Jia Ji--无污染技术 | |
| 电子资源: | ||
| ISBN: | 978-7-122-24098-9 | |
| 000 | 01296nam0 2200277 450 | |
| 001 | 1650835467 | |
| 005 | 20150901144101.8 | |
| 010 | @a978-7-122-24098-9@dCNY59.00 | |
| 100 | @a20140418d2015 em y0chiy50 ea | |
| 101 | 0 | @achi |
| 102 | @aCN@b110000 | |
| 105 | @aak a 000yy | |
| 106 | @ar | |
| 200 | 1 | @a绿色饲料添加剂@ALu^ Se Si Liao Tian Jia Ji@f周明, 张新, 解正会编著 |
| 210 | @a北京@c化学工业出版社@d2015 | |
| 215 | @a303页@c图@d24cm | |
| 320 | @a有书目 (第294-303页) | |
| 330 | @a本书较系统地总结了绿色饲料添加剂,包括动植物源性功能成分饲料添加剂(如姜黄素、肉桂醛等),非常规营养性饲料添加剂(如共轭亚油酸、寡肽等),微生态饲料添加剂(如益生菌、寡聚糖等),诱食性饲料添加剂(如香味剂、甜味剂等),饲料与动物产品保质改良添加剂(如抗氧化剂、脱霉剂等),酶制剂(如脂肪酶、植酸酶等),以及中草药饲料添加剂(如板蓝根、金银花等)。书中对这些绿色饲料添加剂的来源、制备方法、分子结构、理化性质、生物学功能、作用机理、使用方法和在动物中的应用效果等作了较为全面的介绍。 | |
| 333 | @a适合饲料生产企业技术开发人员、生产人员 | |
| 606 | 0 | @a饮料添加剂@AYin Liao Tian Jia Ji@x无污染技术 |
| 690 | @aS816.7@v5 | |
| 701 | 0 | @a周明@AZhou Ming@4编著 |
| 701 | 0 | @a张新@AZhang Xin@4编著 |
| 701 | 0 | @a解正会@AJie Zheng Hui@4编著 |
| 801 | 0 | @aCN@b江苏新华@c20150511 |
| 905 | @aBZT@dS816.7@e99 | |
| 绿色饲料添加剂/周明, 张新, 解正会编著.-北京:化学工业出版社,2015 |
| 303页:图;24cm |
| 使用对象:适合饲料生产企业技术开发人员、生产人员 |
| ISBN 978-7-122-24098-9:CNY59.00 |
| 本书较系统地总结了绿色饲料添加剂,包括动植物源性功能成分饲料添加剂(如姜黄素、肉桂醛等),非常规营养性饲料添加剂(如共轭亚油酸、寡肽等),微生态饲料添加剂(如益生菌、寡聚糖等),诱食性饲料添加剂(如香味剂、甜味剂等),饲料与动物产品保质改良添加剂(如抗氧化剂、脱霉剂等),酶制剂(如脂肪酶、植酸酶等),以及中草药饲料添加剂(如板蓝根、金银花等)。书中对这些绿色饲料添加剂的来源、制备方法、分子结构、理化性质、生物学功能、作用机理、使用方法和在动物中的应用效果等作了较为全面的介绍。 |
| ● |
| 相关链接 |
|
|
|
正题名:绿色饲料添加剂
索取号:S816.7/99
 
预约/预借
| 序号 | 登录号 | 条形码 | 馆藏地/架位号 | 状态 | 备注 |
| 1 | 801833 | 2000801833 | 第二书库/ [索取号:S816.7/99] | 在馆 | |
| 2 | 801834 | 2000801834 | 第二书库/ [索取号:S816.7/99] | 在馆 | |
| 3 | 801835 | 2000801835 | 第二书库/ [索取号:S816.7/99] | 在馆 |